书目信息 |
| 书名: | Introduction to lattices and order | |
| 作者: | B.A. Davey, H.A. Priestley. | |
| 分册号: | ||
| 分册名: | 出版地: | Cambridge [England] ; |
|
| 出版社: | Cambridge University Press | |
| 出版时间: | 1990. | |
| 页数: | viii, 248 p. : | |
| 开本: | 24 cm. | |
| 丛书名: | ||
| 中图分类号: | ||
| 科图分类号: | ||
| 其他分类号: | O1 | |
| 主题词: | ||
| 电子资源: | http://www.loc.gov/catdir/toc/cam029/89009753.html http://www.loc.gov/catdir/description/cam023/89009753.html | |
| 000 | 01122cam a2200313 a 450 | |
| 001 | E0738401023 | |
| 005 | 20070505104104.20 | |
| 008 | 890418s1990 enka b 001 0 eng | |
| 010 | @a89009753 | |
| 020 | @a0521367662 (pbk.). | |
| 020 | @a0521365848. | |
| 035 | @A(DLC) 89009753 | |
| 040 | @aDLC@cDLC@dDLC@dOCoLC@dDLC | |
| 050 | 00 | @aQA171.5@b.D38 1990 |
| 082 | 00 | @a511.3/3@2 20 |
| 090 | @aO1 | |
| 099 | @dO1@ex15 | |
| 100 | 1 | @aDavey, B. A. |
| 245 | 10 | @aIntroduction to lattices and order / @cB.A. Davey, H.A. Priestley. |
| 260 | @aCambridge [England] ;@aNew York :@bCambridge University Press,@c1990. | |
| 300 | @aviii, 248 p. :@bill. ;@c24 cm. | |
| 500 | @aIncludes index. | |
| 504 | @aBibliography: p. [237]-240. | |
| 650 | 0 | @aLattice theory. |
| 700 | 1 | @aPriestley, H. A.@q(Hilary A.) |
| 856 | 41 | @3 Table of contents@uhttp://www.loc.gov/catdir/toc/cam029/89009753.html |
| 856 | 42 | @3 Publisher description@uhttp://www.loc.gov/catdir/description/cam023/89009753.html |
| 906 | @a7@bcbc@corignew@d1@eocip@f19@gy-gencatlg | |
| 991 | @bc-GenColl@hQA171.5@i.D38 1990@p00008656368@tCopy 1@wBOOKS | |
| Introduction to lattices and order / / B.A. Davey, H.A. Priestley.-Cambridge [England] ; ; New York : : Cambridge University Press, , 1990. |
| viii, 248 p. : : ill. ; ; 24 cm. |
| Includes index.-Bibliography: p. [237]-240. |
| ISBN 0521367662 (pbk.). |
| ● |
| 相关链接 |
|
|
|
|
正题名:Introduction to lattices and order
索取号:O1/x15
 
预约/预借
| 序号 | 登录号 | 条形码 | 馆藏地/架位号 | 状态 | 备注 |
| 1 | 0006665 | 300066657 | 第二样本阅览室/ [索取号:O1/x15] | 在馆 | |
| 2 | 0006666 | 300066666 | 第四借阅区/ [索取号:O1/x15] | 在馆 | |
| 3 | 0006667 | 300066675 | 第四借阅区/ [索取号:O1/x15] | 在馆 |